[Event "BCF-ch Seniors 65"]
[White "Collins, Nigel"]
[Black "Dilleigh, Stephen P"]
[Site "Hull"]
[Round "2"]
[Result "0-1"]
[Date "2024.07.30"]
[WhiteElo "1631"]
[BlackElo "1985"]
[PlyCount "70"]
[EventDate "2024.07.29"]
[EventType "swiss"]
[EventRounds "7"]
[EventCountry "ENG"]
[SourceTitle "CBM 221 Extra"]
[Source "ChessBase"]
[SourceDate "2024.09.30"]
[SourceVersion "1"]
[SourceVersionDate "2024.09.30"]
[SourceQuality "1"]

1. c4 e6 2. Nc3 d5 3. e3 Nf6 4. Nf3 c5 5. b3 Nc6 6. Bb2 Bd6 7. cxd5 exd5 8. Qc2 0-0 9. Be2 Re8 10. 0-0 d4 11. Nb5 Bf8 12. Rfe1 a6 13. Na3 Nb4 14. Qb1 d3 15. Bf1 b5 16. Ne5 Ng4 17. Nxd3 Qh4 18. h3 Nxd3 19. g3 Qh6 20. Qxd3 Nf6 21. Bxf6 Qxf6 22. Nc2 Bb7 23. Bg2 Rad8 24. Qe2 Bxg2 25. Kxg2 Qb2 26. Qd1 Rd3 27. Re2 Red8 28. f3 g6 29. Kf2 Bg7 30. Rb1 Qxa2 31. Ke1 Bc3 32. dxc3 Rxd1+ 33. Rxd1 Rxd1+ 34. Kxd1 Qxb3 35. Kd2 Qd5+ 0-1

[Event "BCF-ch AM U1900 op"]
[White "Kenning, Paul H"]
[Black "Collins, Nigel"]
[Site "Hull"]
[Round "1"]
[Result "1-0"]
[Date "2024.07.29"]
[WhiteElo "1776"]
[BlackElo "1631"]
[PlyCount "71"]
[EventDate "2024.07.29"]
[EventType "swiss"]
[EventRounds "6"]
[EventCountry "ENG"]
[SourceTitle "CBM 221 Extra"]
[Source "ChessBase"]
[SourceDate "2024.09.30"]
[SourceVersion "1"]
[SourceVersionDate "2024.09.30"]
[SourceQuality "1"]

1. e4 c5 2. Nf3 d6 3. Bb5+ Nd7 4. d4 cxd4 5. Qxd4 a6 6. Bxd7+ Bxd7 7. Nc3 Rc8 8. Bg5 h6 9. Bh4 e5 10. Qd2 g5 11. Bg3 Nf6 12. 0-0-0 Be7 13. Rhe1 b5 14. Kb1 b4 15. Nd5 Nxd5 16. exd5 Bf5 17. Rc1 a5 18. Nxe5 dxe5 19. Rxe5 Bg6 20. d6 0-0 21. Rxe7 f5 22. Qd4 Rf7 23. Rxf7 Bxf7 24. Be5 Qd7 25. h4 Qe6 26. b3 a4 27. hxg5 axb3 28. cxb3 Rxc1+ 29. Kxc1 Qc8+ 30. Kb2 Qa6 31. Qd2 Bxb3 32. axb3 Qa3+ 33. Kc2 Qa2+ 34. Bb2 Qa8 35. Qd4 Qxg2 36. Qg7# 1-0

[Event "BCF-chT4S 2324 (4NCL)"]
[White "Kovalyova, Taisiya"]
[Black "Collins, Nigel"]
[Site "England"]
[Round "5.131"]
[Result "1/2-1/2"]
[Date "2024.02.10"]
[WhiteElo "1666"]
[BlackElo "1504"]
[PlyCount "38"]
[EventDate "2024.02.11"]
[EventType "team-swiss"]
[EventRounds "11"]
[EventCountry "ENG"]
[SourceTitle "EXT 2025"]
[Source "ChessBase"]
[SourceDate "2024.10.14"]
[SourceVersion "1"]
[SourceVersionDate "2024.10.14"]
[SourceQuality "1"]
[WhiteTeam "Oxford IV"]
[BlackTeam "War and Piece II"]
[WhiteTeamCountry "ENG"]
[BlackTeamCountry "ENG"]

1. d4 Nf6 2. Bf4 g6 3. e3 Bg7 4. Be2 0-0 5. Nd2 d6 6. c3 Nbd7 7. h4 c5 8. h5 cxd4 9. exd4 e5 10. dxe5 dxe5 11. Bg3 Re8 12. hxg6 hxg6 13. Qc2 Nb6 14. Ngf3 Bf5 15. Ne4 Rc8 16. Qb1 Bg4 17. Bxe5 Bxf3 18. Bxf3 Ng4 19. Bxg7 Kxg7 1/2-1/2

[Event "ENG-ch Seniors 65"]
[White "Collins, Nigel"]
[Black "Barton, Tom A"]
[Site "Leamington Spa"]
[Round "3"]
[Result "1/2-1/2"]
[Date "2023.05.05"]
[WhiteElo "1454"]
[BlackElo "1840"]
[PlyCount "47"]
[EventDate "2023.05.04"]
[EventType "swiss"]
[EventRounds "7"]
[EventCountry "ENG"]
[SourceTitle "CBM 214 Extra"]
[Source "ChessBase"]
[SourceDate "2023.07.31"]
[SourceVersion "1"]
[SourceVersionDate "2023.07.31"]
[SourceQuality "1"]

1. c4 e5 2. Nc3 Nc6 3. g3 d6 4. Bg2 Be6 5. d3 Qd7 6. e4 g6 7. Nge2 Bg7 8. 0-0 Bh3 9. Be3 h5 10. f3 Bxg2 11. Kxg2 f5 12. h4 Nge7 13. Nd5 Nxd5 14. cxd5 Nd8 15. d4 0-0 16. dxe5 dxe5 17. Qc2 fxe4 18. fxe4 Rxf1 19. Rxf1 Nf7 20. Ng1 Re8 21. Rc1 Nd6 22. Nh3 Bf6 23. Bg5 Bg7 24. Be3 1/2-1/2

[Event "ENG-ch Seniors 65"]
[White "Tucker, David Sidney"]
[Black "Collins, Nigel"]
[Site "Leamington Spa"]
[Round "1"]
[Result "1-0"]
[Date "2023.05.04"]
[WhiteElo "1909"]
[BlackElo "1454"]
[PlyCount "79"]
[EventDate "2023.05.04"]
[EventType "swiss"]
[EventRounds "7"]
[EventCountry "ENG"]
[SourceTitle "CBM 214 Extra"]
[Source "ChessBase"]
[SourceDate "2023.07.31"]
[SourceVersion "1"]
[SourceVersionDate "2023.07.31"]
[SourceQuality "1"]

1. e4 c5 2. Nf3 d6 3. d4 cxd4 4. Nxd4 Nf6 5. Nc3 a6 6. Bc4 e6 7. a3 Be7 8. Ba2 0-0 9. 0-0 b5 10. Qf3 Bb7 11. Qg3 Re8 12. Bxe6 g6 13. Bd5 Bxd5 14. exd5 Bf8 15. Rd1 Nbd7 16. Bg5 Nh5 17. Bxd8 Nxg3 18. hxg3 Raxd8 19. Nc6 Rc8 20. a4 Ne5 21. axb5 axb5 22. Na7 Rb8 23. Naxb5 Nc4 24. b3 Nb6 25. Na4 Nd7 26. c4 Nc5 27. Nxc5 dxc5 28. d6 Red8 29. Rd5 Bg7 30. Rad1 Bd4 31. Nxd4 cxd4 32. R5xd4 Rxb3 33. c5 Rc3 34. Rd5 Rd7 35. Kf1 f6 36. Ke2 Kf7 37. Kd2 Rc4 38. Kd3 Rxc5 39. Rxc5 Rxd6+ 40. Kc2 1-0

[Event "UK Armed Forces-ch"]
[White "Collins, Nigel"]
[Black "Nelder, Allan J"]
[Site "Wittering"]
[Round "4"]
[Result "0-1"]
[Date "2023.04.15"]
[WhiteElo "1446"]
[BlackElo "1596"]
[PlyCount "70"]
[EventDate "2023.04.14"]
[EventType "swiss"]
[EventRounds "7"]
[EventCountry "ENG"]
[SourceTitle "EXT 2024"]
[Source "ChessBase"]
[SourceDate "2023.10.10"]
[SourceVersion "1"]
[SourceVersionDate "2023.10.10"]
[SourceQuality "1"]

1. c4 Nf6 2. Nc3 g6 3. g3 Bg7 4. Bg2 d6 5. e4 c6 6. Nge2 Qc7 7. 0-0 e5 8. d3 Nbd7 9. h3 Nc5 10. f4 Be6 11. Rb1 0-0-0 12. b4 Na6 13. f5 gxf5 14. exf5 Bd7 15. Be3 Be8 16. b5 cxb5 17. Nxb5 Bxb5 18. Rxb5 b6 19. Qa4 Nc5 20. Bxc5 dxc5 21. Rfb1 Rxd3 22. Qa6+ Kd7 23. Rxb6 axb6 24. Qb5+ Ke7 25. Qa6 Rb8 26. Bd5 Nxd5 27. cxd5 Rxd5 28. Nf4 exf4 29. Qe2+ Qe5 30. Qh5 Qxf5 31. Re1+ Kd6 32. Qe2 Qe5 33. Qf1 Qd4+ 34. Kg2 fxg3 35. Qxf7 Qf2+ 0-1